[Event "SLO-chT 32nd"]
[Site "Ljubljana"]
[Date "2022.10.29"]
[Round "8.4"]
[White "Mikhalchishin, Adrian"]
[Black "Vombek, Danijel"]
[Result "1/2-1/2"]
[WhiteElo "2455"]
[BlackElo "2300"]
[PlyCount "61"]
[EventDate "2022.09.02"]
[EventType "team-tourn"]
[EventRounds "9"]
[EventCountry "SLO"]
[SourceTitle "EXT 2024"]
[Source "ChessBase"]
[SourceDate "2023.10.10"]
[SourceVersion "1"]
[SourceVersionDate "2023.10.10"]
[SourceQuality "1"]
[WhiteTeam "Maribor ZSK"]
[BlackTeam "Maribor Branik"]
[WhiteTeamCountry "SVK"]
[BlackTeamCountry "SLO"]

1. e4 c5 2. Nf3 d6 3. d4 cxd4 4. Qxd4 Nc6 5. Bb5 Bd7 6. Qd3 Nf6 7. c4 g6 8. 0-0 Bg7 9. Nc3 0-0 10. h3 a6 11. Bxc6 Bxc6 12. Nd4 Nd7 13. Rd1 Nc5 14. Qc2 Ne6 15. Be3 Rc8 16. Rac1 Nxd4 17. Bxd4 Bh6 18. Rb1 b5 19. cxb5 axb5 20. a3 Qc7 21. Qe2 Qb7 22. f3 Rfe8 23. b4 Ra8 24. Ra1 Rec8 25. Kh1 e6 26. Qd3 Be8 27. Ne2 Rc4 28. Bf6 Bf8 29. Nd4 Rac8 30. Nb3 Qa8 31. Na5 1/2-1/2

[Event "SLO-chT 32nd"]
[Site "Ljubljana"]
[Date "2022.09.11"]
[Round "6.5"]
[White "Gruskovnjak, Tomislav"]
[Black "Mikhalchishin, Adrian"]
[Result "0-1"]
[WhiteElo "2279"]
[BlackElo "2455"]
[PlyCount "82"]
[EventDate "2022.09.02"]
[EventType "team-tourn"]
[EventRounds "9"]
[EventCountry "SLO"]
[SourceTitle "EXT 2023"]
[Source "ChessBase"]
[SourceDate "2022.10.05"]
[SourceVersion "1"]
[SourceVersionDate "2022.10.05"]
[SourceQuality "1"]
[WhiteTeam "Murska Sobota Pomgrad"]
[BlackTeam "Maribor ZSK"]
[WhiteTeamCountry "SLO"]
[BlackTeamCountry "SVK"]

1. d4 Nf6 2. c4 g6 3. Nc3 d5 4. cxd5 Nxd5 5. Bd2 Bg7 6. e4 Nb6 7. Be3 0-0 8. Qd2 Nc6 9. Rd1 e5 10. d5 Nd4 11. Nb5 Qe7 12. Rc1 c6 13. d6 Qh4 14. Nxd4 exd4 15. Bf4 g5 16. g3 Qg4 17. f3 Qe6 18. Bxg5 Qxd6 19. Bd3 f5 20. Ne2 fxe4 21. Bxe4 Bf5 22. 0-0 Rae8 23. Bd3 Qg6 24. Bxf5 Rxf5 25. Bh4 Qf7 26. f4 Nc4 27. Rxc4 Qxc4 28. Nc1 d3 29. Qxd3 Qxd3 30. Nxd3 Rd5 31. Rf3 Re2 32. g4 Rd2 33. Nf2 Rxb2 34. a3 Rdd2 35. f5 Bd4 36. g5 c5 37. Kf1 c4 38. f6 Kf7 39. Bg3 Rb1+ 40. Kg2 c3 41. Kh3 Bxf2 0-1

[Event "SLO-chT 32nd"]
[Site "Ljubljana"]
[Date "2022.09.09"]
[Round "4.5"]
[White "Karlusic, Luka"]
[Black "Mikhalchishin, Adrian"]
[Result "1/2-1/2"]
[WhiteElo "2215"]
[BlackElo "2455"]
[PlyCount "81"]
[EventDate "2022.09.02"]
[EventType "team-tourn"]
[EventRounds "9"]
[EventCountry "SLO"]
[SourceTitle "EXT 2023"]
[Source "ChessBase"]
[SourceDate "2022.10.05"]
[SourceVersion "1"]
[SourceVersionDate "2022.10.05"]
[SourceQuality "1"]
[WhiteTeam "Zalec"]
[BlackTeam "Maribor ZSK"]
[WhiteTeamCountry "SVK"]
[BlackTeamCountry "SVK"]

1. d4 Nf6 2. c4 e6 3. Nc3 Bb4 4. Qc2 d5 5. cxd5 Qxd5 6. Nf3 Qf5 7. Qxf5 exf5 8. Bd2 c6 9. e3 Be6 10. Ng5 Nbd7 11. Nxe6 fxe6 12. Bc4 Ke7 13. 0-0 e5 14. a3 Bd6 15. dxe5 Nxe5 16. Ba2 Nd3 17. Ne2 Ne4 18. Be1 Be5 19. Nd4 Kf6 20. f3 Nec5 21. Bc3 Na4 22. f4 Bc7 23. Ne6+ Nxc3 24. Nxc7 Rac8 25. bxc3 Rxc7 26. Rfd1 Rd7 27. Rd2 Rhd8 28. Rad1 g6 29. Bb1 Nc5 30. Rd4 Ke7 31. Bc2 Ne6 32. Rxd7+ Rxd7 33. Rxd7+ Kxd7 34. h3 Nc7 35. g4 Ke6 36. c4 Na6 37. Kf2 Nc5 38. Ke2 Nd7 39. Kf3 Nc5 40. Ke2 Nd7 41. Kf3 1/2-1/2

[Event "SLO-chT NML 31st"]
[Site "Ptuj/Grosuplje"]
[Date "2021.10.23"]
[Round "8.4"]
[White "Zirkelbach, Maj"]
[Black "Mikhalchishin, Adrian"]
[Result "0-1"]
[WhiteElo "2321"]
[BlackElo "2452"]
[PlyCount "114"]
[EventDate "2021.10.08"]
[EventType "team-tourn"]
[EventRounds "9"]
[EventCountry "SLO"]
[SourceTitle "EXT 2023"]
[Source "ChessBase"]
[SourceDate "2022.10.05"]
[SourceVersion "1"]
[SourceVersionDate "2022.10.05"]
[SourceQuality "1"]
[WhiteTeam "Novo Mesto Krka"]
[BlackTeam "Maribor Poligram"]
[WhiteTeamCountry "SLO"]
[BlackTeamCountry "SLO"]

1. d4 Nf6 2. c4 e6 3. Nf3 b6 4. g3 Ba6 5. Qa4 c6 6. Nc3 Be7 7. e4 d5 8. Bf4 dxe4 9. Bxb8 Bb7 10. Ne5 0-0 11. Nxc6 Bxc6 12. Qxc6 Rxb8 13. Rd1 Qc8 14. Qa4 e3 15. f3 Rd8 16. Be2 Rb7 17. 0-0 Rbd7 18. a3 Qa8 19. b4 Rxd4 20. Nb5 Rd2 21. Rxd2 Rxd2 22. Re1 Rd7 23. Rd1 Rxd1+ 24. Qxd1 a6 25. Nc3 a5 26. bxa5 Qxa5 27. Nb5 h6 28. Kf1 e5 29. Qd3 Bc5 30. Qc3 Qxc3 31. Nxc3 Bxa3 32. Bd3 Bc5 33. Ke2 Kf8 34. Ne4 Nd7 35. Bc2 Ke7 36. Ba4 f5 37. Nc3 Nf8 38. Bc2 g6 39. Nd5+ Kd6 40. g4 Ne6 41. Nxe3 Nd4+ 42. Kd3 f4 43. Nf1 Nxf3 44. Ba4 Bg1 45. Be8 g5 46. Bf7 e4+ 47. Kxe4 Ne5 48. Be8 Nxg4 49. Kf5 Ne3+ 50. Nxe3 fxe3 51. Bh5 Kc5 52. Be2 Kd4 53. h3 Kc3 54. Kg4 Kd2 55. Kf3 h5 56. Bf1 g4+ 57. hxg4 hxg4+ 0-1

[Event "SLO-chT NML 31st"]
[Site "Ptuj/Grosuplje"]
[Date "2021.10.17"]
[Round "6.3"]
[White "Sebenik, Matej"]
[Black "Mikhalchishin, Adrian"]
[Result "1/2-1/2"]
[WhiteElo "2508"]
[BlackElo "2452"]
[PlyCount "89"]
[EventDate "2021.10.08"]
[EventType "team-tourn"]
[EventRounds "9"]
[EventCountry "SLO"]
[SourceTitle "EXT 2023"]
[Source "ChessBase"]
[SourceDate "2022.10.05"]
[SourceVersion "1"]
[SourceVersionDate "2022.10.05"]
[SourceQuality "1"]
[WhiteTeam "Ljubljana Tajfun"]
[BlackTeam "Maribor Poligram"]
[WhiteTeamCountry "SLO"]
[BlackTeamCountry "SLO"]

1. d4 Nf6 2. c4 g6 3. g3 Bg7 4. Bg2 d5 5. cxd5 Nxd5 6. e4 Nb6 7. Ne2 c5 8. d5 0-0 9. 0-0 Na6 10. Nec3 e6 11. a4 exd5 12. exd5 Bf5 13. g4 Bd7 14. Nd2 Re8 15. a5 Nc8 16. Nde4 h6 17. Be3 Qh4 18. f3 Be5 19. f4 Bxc3 20. bxc3 Rxe4 21. Bxe4 Bxg4 22. Bf3 Bxf3 23. Qxf3 Nd6 24. Rfe1 Rc8 25. Bf2 Qf6 26. Rab1 Qf5 27. Rb2 Qd7 28. Bh4 Nc7 29. Bf6 Re8 30. Rbe2 Rxe2 31. Rxe2 Nce8 32. Be7 Qb5 33. Bxd6 Nxd6 34. Qe3 Qb1+ 35. Re1 Qf5 36. Qf3 Qc2 37. Qe3 Qf5 38. Qf3 Qc2 39. Re2 Qc1+ 40. Kf2 Nf5 41. Qe4 Kh7 42. c4 h5 43. Kg2 Nh4+ 44. Kf2 Nf5 45. Kg2 1/2-1/2

[Event "SLO-chT NML 31st"]
[Site "Ptuj/Grosuplje"]
[Date "2021.10.15"]
[Round "4.2"]
[White "Gjuran, Denis"]
[Black "Mikhalchishin, Adrian"]
[Result "1/2-1/2"]
[WhiteElo "2328"]
[BlackElo "2452"]
[PlyCount "61"]
[EventDate "2021.10.08"]
[EventType "team-tourn"]
[EventRounds "9"]
[EventCountry "SLO"]
[SourceTitle "EXT 2023"]
[Source "ChessBase"]
[SourceDate "2022.10.05"]
[SourceVersion "1"]
[SourceVersionDate "2022.10.05"]
[SourceQuality "1"]
[WhiteTeam "Pomgrad"]
[BlackTeam "Maribor Poligram"]
[WhiteTeamCountry "SLO"]
[BlackTeamCountry "SLO"]

1. e4 e5 2. Nf3 Nc6 3. Bc4 Nf6 4. d3 Be7 5. 0-0 0-0 6. Bb3 d6 7. c3 Kh8 8. Re1 Ng8 9. d4 f5 10. dxe5 fxe4 11. Rxe4 Bf5 12. Re3 dxe5 13. Qxd8 Raxd8 14. Re1 e4 15. Nd4 Nxd4 16. cxd4 Bf6 17. d5 Ne7 18. Nc3 Bxc3 19. bxc3 Nxd5 20. Bxd5 Rxd5 21. Be3 b6 22. c4 Rd3 23. a4 Rc3 24. c5 Rd8 25. cxb6 axb6 26. a5 bxa5 27. Rxa5 Bg6 28. h3 Kg8 29. Rb1 Bf7 30. Kh2 h6 31. Re5 1/2-1/2

[Event "SLO-chT 30th"]
[Site "Gostovanja"]
[Date "2020.10.10"]
[Round "4.1"]
[White "Gruskovnjak, Tomislav"]
[Black "Mikhalchishin, Adrian"]
[Result "1/2-1/2"]
[WhiteElo "2269"]
[BlackElo "2459"]
[PlyCount "60"]
[EventDate "2020.10.02"]
[EventType "team-tourn"]
[EventRounds "5"]
[EventCountry "SLO"]
[SourceTitle "CBM 198 Extra"]
[Source "ChessBase"]
[SourceDate "2020.11.30"]
[SourceVersion "1"]
[SourceVersionDate "2020.11.30"]
[SourceQuality "1"]
[WhiteTeam "Pomgrad"]
[BlackTeam "Maribor Poligram"]
[WhiteTeamCountry "SLO"]
[BlackTeamCountry "SLO"]

1. d4 Nf6 2. c4 e6 3. Nc3 Bb4 4. e3 0-0 5. Nge2 d5 6. a3 Bd6 7. c5 Be7 8. Nf4 b6 9. b4 a5 10. Bd2 c6 11. Na4 Nbd7 12. cxb6 axb4 13. Bxb4 Bxb4+ 14. axb4 Ne4 15. Bd3 Ba6 16. b7 Bxb7 17. Bxe4 dxe4 18. 0-0 Ba6 19. Re1 Qe7 20. Nc5 Nxc5 21. dxc5 e5 22. Ne2 Qb7 23. Ng3 Bd3 24. Qb3 Rab8 25. Ra4 Bb5 26. Ra5 Bd3 27. Ra4 Bb5 28. Ra5 Bd3 29. Ra4 Bb5 30. Ra5 Bd3 1/2-1/2

[Event "SLO-chT 30th"]
[Site "Gostovanja"]
[Date "2020.10.03"]
[Round "2.2"]
[White "Mikhalchishin, Adrian"]
[Black "Vombek, Danijel"]
[Result "1/2-1/2"]
[WhiteElo "2459"]
[BlackElo "2295"]
[PlyCount "60"]
[EventDate "2020.10.02"]
[EventType "team-tourn"]
[EventRounds "5"]
[EventCountry "SLO"]
[SourceTitle "CBM 198 Extra"]
[Source "ChessBase"]
[SourceDate "2020.11.30"]
[SourceVersion "1"]
[SourceVersionDate "2020.11.30"]
[SourceQuality "1"]
[WhiteTeam "Maribor Poligram"]
[BlackTeam "Maribor Branik"]
[WhiteTeamCountry "SLO"]
[BlackTeamCountry "SLO"]

1. d4 Nf6 2. Nf3 g6 3. c4 Bg7 4. Nc3 0-0 5. e4 d6 6. Be2 e5 7. 0-0 exd4 8. Nxd4 Re8 9. f3 c6 10. Be3 d5 11. cxd5 Nxd5 12. Nxd5 cxd5 13. Qb3 Nc6 14. Rfd1 Nxd4 15. Bxd4 Bxd4+ 16. Rxd4 Qf6 17. Rad1 dxe4 18. Rxe4 Rxe4 19. fxe4 Be6 20. Qxb7 Rc8 21. Bf3 Rc2 22. Qxa7 Qxb2 23. a4 Rc1 24. Qe3 Rxd1+ 25. Bxd1 Qa1 26. Qf3 Bd7 27. Kf2 Bxa4 28. Bxa4 Qxa4 29. h3 Qd4+ 30. Ke2 Qe5 1/2-1/2

[Event "Maribor Pirc Memorial 23rd"]
[Site "Maribor"]
[Date "2020.08.14"]
[Round "7"]
[White "Subelj, Jan"]
[Black "Mikhalchishin, Adrian"]
[Result "1/2-1/2"]
[WhiteElo "2424"]
[BlackElo "2458"]
[PlyCount "56"]
[EventDate "2020.08.10"]
[EventType "tourn"]
[EventRounds "9"]
[EventCountry "SLO"]
[EventCategory "7"]
[SourceTitle "CBM 197 Extra"]
[Source "ChessBase"]
[SourceDate "2020.09.30"]
[SourceVersion "1"]
[SourceVersionDate "2020.09.30"]
[SourceQuality "1"]

1. e4 e5 2. Nf3 Nf6 3. Nxe5 d6 4. Nf3 Nxe4 5. Qe2 Qe7 6. d3 Nf6 7. Bg5 Nbd7 8. Nc3 Qxe2+ 9. Bxe2 h6 10. Bh4 c6 11. 0-0-0 d5 12. Rhe1 Bd6 13. Bf1+ Kd8 14. d4 Bf4+ 15. Kb1 g5 16. Bg3 Bxg3 17. hxg3 Ng4 18. Rd2 Re8 19. b3 Nf8 20. Na4 Bf5 21. Rxe8+ Kxe8 22. Nc5 b6 23. Bd3 Bxd3 24. Nxd3 Ng6 25. Re2+ Kd7 26. Nfe5+ N4xe5 27. Nxe5+ Nxe5 28. Rxe5 f6 1/2-1/2

[Event "Maribor Pirc Memorial 23rd"]
[Site "Maribor"]
[Date "2020.08.12"]
[Round "3"]
[White "Marn, Jan"]
[Black "Mikhalchishin, Adrian"]
[Result "0-1"]
[WhiteElo "2360"]
[BlackElo "2458"]
[PlyCount "54"]
[EventDate "2020.08.10"]
[EventType "tourn"]
[EventRounds "9"]
[EventCountry "SLO"]
[EventCategory "7"]
[SourceTitle "CBM 197 Extra"]
[Source "ChessBase"]
[SourceDate "2020.09.30"]
[SourceVersion "1"]
[SourceVersionDate "2020.09.30"]
[SourceQuality "1"]

1. d4 Nf6 2. c4 g6 3. Nc3 d5 4. cxd5 Nxd5 5. Na4 Bg7 6. e4 Nb6 7. Be3 0-0 8. Nf3 Nxa4 9. Qxa4 c5 10. Rc1 Bd7 11. Qb3 cxd4 12. Bxd4 Bxd4 13. Nxd4 Nc6 14. Nxc6 Bxc6 15. Bd3 Qa5+ 16. Rc3 Rad8 17. 0-0 Rd4 18. f3 Rfd8 19. Bc4 Kf8 20. a3 Rd2 21. Rfc1 Qc5+ 22. Kh1 Qf2 23. Bf1 Rxb2 24. Qc4 Bb5 25. Qxb5 Rxb5 26. Bxb5 Rd2 27. Bf1 b5 0-1

[Event "SLO-chT 29th"]
[Site "Slovenia"]
[Date "2019.12.22"]
[Round "9.1"]
[White "Mikhalchishin, Adrian"]
[Black "Zupe, Miran"]
[Result "1/2-1/2"]
[WhiteElo "2465"]
[BlackElo "2246"]
[PlyCount "90"]
[EventDate "2019.09.06"]
[EventType "team-tourn"]
[EventRounds "9"]
[EventCountry "SLO"]
[SourceTitle "CBM 195 Extra"]
[Source "ChessBase"]
[SourceDate "2020.05.31"]
[SourceVersion "1"]
[SourceVersionDate "2020.05.31"]
[SourceQuality "1"]
[WhiteTeam "Maribor"]
[BlackTeam "Branik"]
[WhiteTeamCountry "SLO"]
[BlackTeamCountry "SLO"]

1. d4 Nf6 2. c4 e6 3. g3 d5 4. Bg2 c6 5. Qc2 Bb4+ 6. Nd2 0-0 7. Ngf3 Nbd7 8. 0-0 Bd6 9. e4 Nxe4 10. Nxe4 dxe4 11. Qxe4 h6 12. Rd1 Nf6 13. Qe2 Qe7 14. Ne5 Bd7 15. Be3 Rfd8 16. f4 Be8 17. Bf2 c5 18. Nd3 cxd4 19. Bxd4 Rac8 20. Rac1 b6 21. Bf2 Bc6 22. Bxc6 Rxc6 23. Qf3 Rdc8 24. b3 R6c7 25. Rc2 Nd7 26. Rcd2 Nf8 27. Qe4 Qe8 28. Bd4 Ng6 29. h4 Ne7 30. h5 Qc6 31. Qxc6 Nxc6 32. Be3 f6 33. Kf2 Kf7 34. Kf3 Be7 35. g4 Rd8 36. Ke4 Rdc8 37. Ne1 Bb4 38. Rd3 Bxe1 39. Rxe1 Rd8 40. Red1 Rxd3 41. Rxd3 Ne7 42. f5 Nc6 43. fxe6+ Kxe6 44. Bf4 Rd7 45. Rxd7 Kxd7 1/2-1/2

[Event "EU-Cup 35th"]
[Site "Ulcinj"]
[Date "2019.11.14"]
[Round "5.7"]
[White "Rakhmanov, Alexander"]
[Black "Mikhalchishin, Adrian"]
[Result "1-0"]
[WhiteElo "2638"]
[BlackElo "2467"]
[PlyCount "53"]
[EventDate "2019.11.10"]
[EventType "team-swiss"]
[EventRounds "7"]
[EventCountry "MNE"]
[SourceTitle "CBM 193 Extra"]
[Source "ChessBase"]
[SourceDate "2020.01.31"]
[SourceVersion "1"]
[SourceVersionDate "2020.01.31"]
[SourceQuality "1"]
[WhiteTeam "Primorsky District"]
[BlackTeam "Maribor"]
[WhiteTeamCountry "RUS"]
[BlackTeamCountry "SLO"]

1. Nf3 Nf6 2. g3 d5 3. Bg2 b5 4. 0-0 e6 5. d3 Bb7 6. c4 c6 7. cxb5 cxb5 8. a4 b4 9. a5 Na6 10. Nbd2 Bd6 11. e4 Nd7 12. Nd4 0-0 13. exd5 Bxd5 14. Bxd5 exd5 15. N2f3 Ne5 16. Be3 Qf6 17. Rc1 Rac8 18. Rxc8 Rxc8 19. Nxe5 Bxe5 20. Qg4 Ra8 21. Rc1 Nc7 22. Rc6 Qd8 23. Nf5 d4 24. Bf4 h5 25. Nh6+ Kf8 26. Qxh5 Qd7 27. Bxe5 1-0

[Event "Maribor-RUS Friendly"]
[Site "Maribor"]
[Date "2019.06.21"]
[Round "4.2"]
[White "Balashov, Yuri S"]
[Black "Mikhalchishin, Adrian"]
[Result "1/2-1/2"]
[WhiteElo "2474"]
[BlackElo "2465"]
[PlyCount "67"]
[EventDate "2019.06.21"]
[EventType "schev (rapid)"]
[EventRounds "6"]
[EventCountry "SLO"]
[SourceTitle "CBM 191 Extra"]
[Source "ChessBase"]
[SourceDate "2019.09.30"]
[SourceVersion "1"]
[SourceVersionDate "2019.09.30"]
[SourceQuality "1"]
[WhiteTeam "Russia"]
[BlackTeam "Maribor"]
[WhiteTeamCountry "RUS"]
[BlackTeamCountry "SLO"]

1. Nf3 Nf6 2. c4 c5 3. Nc3 d5 4. cxd5 Nxd5 5. e3 Nxc3 6. bxc3 g6 7. d4 Bg7 8. Bd3 0-0 9. 0-0 Qc7 10. e4 Bg4 11. Be3 Nc6 12. Rc1 Rad8 13. d5 Ne5 14. Be2 Nxf3+ 15. Bxf3 Bxf3 16. Qxf3 c4 17. Rfd1 f5 18. Bd4 Be5 19. h4 b5 20. h5 Bxd4 21. Rxd4 Qe5 22. hxg6 hxg6 23. Rb1 fxe4 24. Qxe4 Qxe4 25. Rxe4 Rxd5 26. Rxe7 Rf7 27. Re6 Kg7 28. a4 bxa4 29. Ra6 Rd2 30. f3 Rc2 31. Rxa4 Rxc3 32. Rba1 Rc2 33. Rxa7 Rxa7 34. Rxa7+ 1/2-1/2

[Event "EU-ch rapid"]
[Site "Katowice"]
[Date "2017.12.17"]
[Round "7"]
[White "Mikhalchishin, Adrian"]
[Black "Sieciechowicz, Marcin"]
[Result "1/2-1/2"]
[WhiteElo "2479"]
[BlackElo "2387"]
[PlyCount "74"]
[EventDate "2017.12.16"]
[EventType "swiss (rapid)"]
[EventRounds "11"]
[EventCountry "POL"]
[SourceTitle "CBM 182 Extra"]
[Source "ChessBase"]
[SourceDate "2018.02.23"]
[SourceVersion "1"]
[SourceVersionDate "2018.02.23"]
[SourceQuality "1"]

1. Nf3 Nf6 2. c4 c6 3. d4 d5 4. e3 Bf5 5. Nc3 e6 6. Nh4 Bg6 7. Nxg6 hxg6 8. g3 Nbd7 9. Qe2 Be7 10. Bg2 0-0 11. 0-0 dxc4 12. Qxc4 e5 13. Rd1 Qc7 14. Qe2 exd4 15. exd4 Nb6 16. Bf4 Bd6 17. Be5 Rfe8 18. f4 Nbd5 19. Nxd5 cxd5 20. Qb5 a6 21. Qb3 Rad8 22. Bxf6 gxf6 23. Bxd5 Re7 24. Re1 Rxe1+ 25. Rxe1 Rd7 26. Kg2 Kg7 27. Re2 Bf8 28. h4 b6 29. Qf3 Qd6 30. Bc6 Re7 31. d5 Rxe2+ 32. Qxe2 Qb4 33. h5 gxh5 34. Qxh5 Bc5 35. Qg4+ Kf8 36. Qc8+ Kg7 37. Qg4+ Kf8 1/2-1/2

[Event "EU-ch rapid"]
[Site "Katowice"]
[Date "2017.12.17"]
[Round "11"]
[White "Mikhalchishin, Adrian"]
[Black "Troyke, Christian"]
[Result "1-0"]
[WhiteElo "2479"]
[BlackElo "2348"]
[PlyCount "63"]
[EventDate "2017.12.16"]
[EventType "swiss (rapid)"]
[EventRounds "11"]
[EventCountry "POL"]
[SourceTitle "CBM 182 Extra"]
[Source "ChessBase"]
[SourceDate "2018.02.23"]
[SourceVersion "1"]
[SourceVersionDate "2018.02.23"]
[SourceQuality "1"]

1. Nf3 g6 2. c4 Bg7 3. d4 Nf6 4. g3 0-0 5. Bg2 d6 6. 0-0 Ne4 7. Qc2 f5 8. Nbd2 Nxd2 9. Bxd2 e5 10. dxe5 dxe5 11. Bb4 Re8 12. Rad1 Qf6 13. Bc3 Nc6 14. b4 Qe7 15. b5 Nd8 16. e4 Nf7 17. Rfe1 f4 18. gxf4 exf4 19. Bxg7 Kxg7 20. Qc3+ Kg8 21. e5 Bg4 22. Rd4 g5 23. e6 Nd6 24. Rd5 h6 25. c5 Nxb5 26. Qd3 Qf6 27. Nxg5 hxg5 28. Ree5 Bxe6 29. Rxg5+ Kf7 30. Qh7+ Kf8 31. Rdf5 Qxf5 32. Qg7# 1-0

[Event "EU-ch rapid"]
[Site "Katowice"]
[Date "2017.12.16"]
[Round "4"]
[White "Terletsky, Oleg"]
[Black "Mikhalchishin, Adrian"]
[Result "0-1"]
[WhiteElo "2384"]
[BlackElo "2479"]
[PlyCount "68"]
[EventDate "2017.12.16"]
[EventType "swiss (rapid)"]
[EventRounds "11"]
[EventCountry "POL"]
[SourceTitle "CBM 182 Extra"]
[Source "ChessBase"]
[SourceDate "2018.02.23"]
[SourceVersion "1"]
[SourceVersionDate "2018.02.23"]
[SourceQuality "1"]

1. e4 e5 2. Nf3 Nc6 3. Nc3 Nf6 4. d4 exd4 5. Nxd4 Bb4 6. Nxc6 bxc6 7. Bd3 0-0 8. 0-0 Re8 9. Bg5 h6 10. Bh4 g5 11. Bg3 Bxc3 12. bxc3 Nxe4 13. Bxe4 Rxe4 14. f4 d6 15. fxg5 Qxg5 16. Qf3 Qe3+ 17. Qxe3 Rxe3 18. Rf6 Rxc3 19. Raf1 Be6 20. Rxh6 Rxc2 21. Bh4 Bd5 22. Rf5 Rxg2+ 23. Kf1 Rg6 24. Rhh5 Kg7 25. Be1 Rb8 26. Bc3+ f6 27. Rh4 Rb1+ 28. Kf2 Rc1 29. Bd2 Rg2+ 30. Ke3 Rc2 31. Rd4 Rxh2 32. a4 Ra2 33. Rg4+ Kf7 34. Bc3 Rh3+ 0-1

[Event "EU-ch rapid"]
[Site "Katowice"]
[Date "2017.12.16"]
[Round "2"]
[White "Widla, Piotr"]
[Black "Mikhalchishin, Adrian"]
[Result "0-1"]
[WhiteElo "2046"]
[BlackElo "2479"]
[PlyCount "80"]
[EventDate "2017.12.16"]
[EventType "swiss (rapid)"]
[EventRounds "11"]
[EventCountry "POL"]
[SourceTitle "CBM 182 Extra"]
[Source "ChessBase"]
[SourceDate "2018.02.23"]
[SourceVersion "1"]
[SourceVersionDate "2018.02.23"]
[SourceQuality "1"]

1. e4 e5 2. Nf3 Nc6 3. d4 exd4 4. Bc4 Nf6 5. e5 Ne4 6. 0-0 Be7 7. Bd5 Nc5 8. c3 dxc3 9. Nxc3 0-0 10. Be3 Ne6 11. Qb3 f5 12. Rad1 Qe8 13. Nb5 Bd8 14. Bc5 Rf7 15. Ba3 a5 16. Nbd4 Ra6 17. Nxe6 dxe6 18. Bc4 Rb6 19. Qc3 Nb4 20. Rd2 Rd7 21. Rfd1 Be7 22. Nd4 Kh8 23. Qg3 Qg6 24. Qxg6 hxg6 25. Bxe6 Rxe6 26. Nxe6 Rxd2 27. Rxd2 Bxe6 28. Bxb4 axb4 29. b3 c5 30. f4 b5 31. Kf2 c4 32. h3 Kg8 33. Kf3 Kf7 34. g4 Ke8 35. g5 cxb3 36. axb3 Bxb3 37. Rb2 Bc4 38. Ke3 b3 39. Kd4 Ba3 40. Rb1 b2 0-1